| 000 | 00753nas a2200241 4500 | ||
|---|---|---|---|
| 001 | BR0800366 | ||
| 003 | BR-BrBNA | ||
| 005 | 20231205111454.0 | ||
| 007 | ta | ||
| 008 | 230509b bl.|||p| |||| 00| 00por d | ||
| 040 |
_aBR-BrBNA _bpor _cBiblioteca Nacional de Agricultura |
||
| 041 | _a(Pt) | ||
| 072 | _aL74; L70 | ||
| 100 | 1 | _aChiquito, M. | |
| 100 | 1 | _aWerner, P.R. | |
| 100 | 1 | _aPachaly, J.R. | |
| 245 | 1 | _aOcorrência de quimiodectomas em animais no primeiro planalto do Paraná, Brazil | |
| 650 | _aCÃO | ||
| 650 | _aTUMOR | ||
| 773 | 0 |
_tArquivos de Ciências Veterinárias e Zoologia da UNIPAR (Brazil) _xISSN 1415-8167 _g(Jul-Dec 1998), v. 1(1) p. 67-70 _wBR0800366 |
|
| 909 |
_a202311 _bLúcia _c55 _dLúcia Elande |
||
| 942 |
_2AGRIS _n0 _cANA |
||
| 999 |
_c192930 _d192930 |
||